Metodología para determinar la densidad ceráunica en el territorio nacional

Gespeichert in:
Bibliographische Detailangaben
1. Verfasser: Gómez Abrahams, Diego
Weitere Verfasser: Chaves Vallejo, María C.
Format: Buch
Veröffentlicht: [San José , Costa Rica] 1996
Schlagworte:
Tags: Tag hinzufügen
Keine Tags, Fügen Sie den ersten Tag hinzu!

MARC

LEADER 00000nam a2200000Ia 4500
003 007921
005 20221231144247.0
008 140114s1996 cr a m 000 ||s d
040 |c cru CEDI 
090 |a TFG 3463 
100 |a Gómez Abrahams, Diego  |9 10357 
245 |a Metodología para determinar la densidad ceráunica en el territorio nacional 
260 |c 1996  |a [San José , Costa Rica] 
300 |a  xv, 141 hojas : ilustraciones  
500 |a  Proyecto de graduación (bachiller en ingeniería eléctrica)--Universidad de Costa Rica. Facultad de Ingeniería. Escuela de Ingeniería Eléctrica 
650 |x SISTEMAS DE TRANSMISION DE DATOS   |x LINEAS TELEFONICAS - SISTEMAS DE COMUNICACION  |9 10360 
700 |9 10359  |a Chaves Vallejo, María C. 
942 |c TFG 
999 |c 19220  |d 19220